| 000 | 00649nam a2200205 a 4500 | ||
|---|---|---|---|
| 001 | 000019960 | ||
| 005 | 20200929170216.0 | ||
| 008 | 100709s1987 pe r 000 p spa d | ||
| 040 |
_aDO-SdBNP _bspa _cBNPHu |
||
| 082 |
_a869.42 _bG973p |
||
| 100 | 1 |
_aGullar, Ferreira, _d1930- _942562 |
|
| 245 | 1 | 0 |
_aPoemas / _cFerreira Gullar ; prólogo Mirko Lauer ; traducción Antonio Cisneros. |
| 260 |
_aLima : _bTierra Brasileña, _c1987. |
||
| 300 |
_a98 p. ; _c20 cm. |
||
| 650 | 4 |
_aPoesía brasileña _9822 |
|
| 650 | 4 |
_aLiteratura brasileña _9823 |
|
| 700 | 1 |
_aLauer, Mirko, _epról. _942563 |
|
| 700 | 1 |
_aCisneros, Antonio, _etr. _942564 |
|
| 049 | _aBNGR | ||
| 999 |
_c19473 _d19473 |
||